000 00436cam a2200181ua 4500
001 3822
008 111222n ii |||gr||||Z||||||asm
040 _cMAIN
082 _a780
100 _aDas, Anandiram,
245 1 1 _aAnandiram dasar geet
_cby Anandiram Das
250 _a1st.
260 _aGuwahati:
_bPublication Board Assam,988.
300 _a458p:
_c23cm.
653 _aAssamese
653 _aAnandiram dasar geet
942 _cBK
999 _c3646
_d3646